<?xml version="1.0" encoding="UTF-8"?>
<collection xmlns="http://www.loc.gov/MARC21/slim">
    <record>
        <controlfield tag="001">97257</controlfield>
        <controlfield tag="005">20201217153730.0</controlfield>
        <datafield tag="024" ind1="8" ind2=" ">
            <subfield code="2">sideral</subfield>
            <subfield code="a">121282</subfield>
        </datafield>
        <datafield tag="037" ind1=" " ind2=" ">
            <subfield code="a">ART-2020-121282</subfield>
        </datafield>
        <datafield tag="041" ind1=" " ind2=" ">
            <subfield code="a">spa</subfield>
        </datafield>
        <datafield tag="100" ind1=" " ind2=" ">
            <subfield code="0">(orcid)0000-0003-4898-8794</subfield>
            <subfield code="a">Vázquez Obrador, Jesús</subfield>
            <subfield code="u">Universidad de Zaragoza</subfield>
        </datafield>
        <datafield tag="245" ind1=" " ind2=" ">
            <subfield code="a">Documentos relativos al contrato entre el pintor Bernat de Aras y el concejo de Pompién para realizar un retablo en 1461: edición y comentarios lingüísticos</subfield>
        </datafield>
        <datafield tag="260" ind1=" " ind2=" ">
            <subfield code="c">2020</subfield>
        </datafield>
        <datafield tag="506" ind1="0" ind2=" ">
            <subfield code="a">Access copy available to the general public</subfield>
            <subfield code="f">Unrestricted</subfield>
        </datafield>
        <datafield tag="520" ind1="3" ind2=" ">
            <subfield code="a">En este artículo se editan tres documentos notariales relacionados con el contrato estipulado entre el señor y el concejo de la localidad de Pompién Muzo (Huesca) y el pintor Bernat de Aras para la construcción de un retablo destinado a la iglesia de dicha
población en 1461. De la existencia de este contrato ya había dado noticia Ricardo del Arco en 1952, si bien no llegó a publicar todas las minutas a él referidas ni los textos completos de aquellas que editó. Si hemos decidido hacer ahora otra edición es porque hemos hallado diferencias evidentes entre la transcripción que de algunas grafías y ciertas palabras realiza Del Arco y lo que nosotros leemos en los manuscritos. Para indicarlo hemos añadido tras la edición textual unos cuadros en los que se reflejan las desemejanzas. En una segunda parte del artículo, presentamos unos breves comentarios de carácter lingüístico sobre algunos aspectos de ortografía, morfología y sintaxis observables en la lengua escrita. Finalmente se incluye un extenso repertorio del léxico atestiguado en los documentos.</subfield>
        </datafield>
        <datafield tag="540" ind1=" " ind2=" ">
            <subfield code="9">info:eu-repo/semantics/openAccess</subfield>
            <subfield code="a">by-nc-nd</subfield>
            <subfield code="u">http://creativecommons.org/licenses/by-nc-nd/3.0/es/</subfield>
        </datafield>
        <datafield tag="655" ind1=" " ind2="4">
            <subfield code="a">info:eu-repo/semantics/article</subfield>
            <subfield code="v">info:eu-repo/semantics/publishedVersion</subfield>
        </datafield>
        <datafield tag="710" ind1="2" ind2=" ">
            <subfield code="1">3013</subfield>
            <subfield code="2">567</subfield>
            <subfield code="a">Universidad de Zaragoza</subfield>
            <subfield code="b">Dpto. Lingüíst.y Liter.Hispán.</subfield>
            <subfield code="c">Área Lengua Española</subfield>
        </datafield>
        <datafield tag="773" ind1=" " ind2=" ">
            <subfield code="g">32 (2020), 103-141</subfield>
            <subfield code="p">Alazet</subfield>
            <subfield code="t">Alazet</subfield>
            <subfield code="x">0214-7602</subfield>
        </datafield>
        <datafield tag="856" ind1="4" ind2=" ">
            <subfield code="s">1286656</subfield>
            <subfield code="u">http://zaguan.unizar.es/record/97257/files/texto_completo.pdf</subfield>
            <subfield code="y">Versión publicada</subfield>
        </datafield>
        <datafield tag="856" ind1="4" ind2=" ">
            <subfield code="s">569689</subfield>
            <subfield code="u">http://zaguan.unizar.es/record/97257/files/texto_completo.jpg?subformat=icon</subfield>
            <subfield code="x">icon</subfield>
            <subfield code="y">Versión publicada</subfield>
        </datafield>
        <datafield tag="909" ind1="C" ind2="O">
            <subfield code="o">oai:zaguan.unizar.es:97257</subfield>
            <subfield code="p">articulos</subfield>
            <subfield code="p">driver</subfield>
        </datafield>
        <datafield tag="951" ind1=" " ind2=" ">
            <subfield code="a">2020-12-17-14:04:07</subfield>
        </datafield>
        <datafield tag="980" ind1=" " ind2=" ">
            <subfield code="a">ARTICLE</subfield>
        </datafield>
    </record>

    
</collection>